00397nam a2200133 a 4500008004100000110002600041245007900067260004900146300002900195650001200224003000100236005001700237040000900254  aCentral Census Office10aCensus 1192 :bprovincial profile, Midlands /cCentral Statistical office. aHarare :bCentral statistical office,c1992. a157 p. :bill. ;c31 cm. 1aCensus.20230123134357.0 cNUST